000 00266nam a2200109Ia 4500
008 220204s9999 xx 000 0 und d
082 _a82-3SMI
_bSMI
100 _aSmith, Wilbur
245 0 _aWhen the lion feeds etc
260 _aLondon
_bHeinemann
_c1976
942 _cBK
999 _c30587
_d30587